000 00517nam a2200193 a 4500
001 1771297336826
003 YourLibrary
005 20260220115231.0
008 260217s2004##################000#0#eng##
020 _a9783540229353
082 0 4 _a330.015195
_bWIL
100 1 _aWildi, Marc,
_eauthor.
245 1 0 _aSignal Extraction :
260 _bSpringer Science & Business Media,
_c2004.
300 _a296 pages
650 0 _aBusiness & Economics.
942 _cENGLISH
040 _aYourLibrary
_beng
_cYourLibrary
999 _c613914
_d613914